000 00358pab a2200145 454500
008 180718b1999 xxu||||| |||| 00| 0 eng d
100 _aShankaraiah, K.
245 _aCustomer awareness and preferences in banking services
260 _c1999
300 _ap.190-94
362 _aMar
650 _aBanks
773 _aManagement Accountant
909 _a40559
999 _c40559
_d40559